| 000 | 00443 a2200145 4500 | ||
|---|---|---|---|
| 999 |
_c7387 _d7387 |
||
| 020 | _a09030739X | ||
| 050 | _aHC 800 MAR 1995 | ||
| 100 |
_aMararike, C. G. _eauthor |
||
| 245 |
_aGrassroots leadership : _bthe process of rural development in Zimbabwe _cC. G. Mararike |
||
| 264 |
_aHarare : _bUniversity of Zimbabwe Publications _c1995 |
||
| 300 | _axiv; 114p. : | ||
| 500 | _aText | ||
| 650 | _aRural development | ||
| 942 |
_2lcc _cBK _h800 _iMAR _kHC |
||